Statistics for Y Marks the Spot

Click here to take the quiz!

General Stats

  • This quiz has been taken 58 times
  • The average score is 13 of 21

Answer Stats

Hint% Correct
PerhapsMaybe
100%
Actress DrewBarrymore
82%
Palindromic boatKayak
82%
Hugh Hefner magazinePlayboy
82%
Pharaoh's paperPapyrus
76%
Louisiana swampBayou
74%
FaithfulLoyal
74%
Wagner's Ride of theValkyries
72%
BarristersLawyers
70%
African countryEgypt
68%
Lovers' meetingTryst
60%
Unidentified, facelessAnonymous
54%
Burial vaultCrypt
54%
Unoriginal imitatorCopycat
52%
Dubliners authorJoyce
50%
Caribbean music styleCalypso
48%
Grimm storyFairytale
48%
Nebuchadnezzar's realmBabylon
46%
ChasmAbyss
42%
Glasgow riverClyde
34%
Hard Swiss cheeseGruyère
34%

Score Distribution

Percentile by Number Answered

Percent of People with Each Score

Your Score History

You have not taken this quiz